000 00178 a2200097 4500
020 _a9780545158855
041 _aspa
100 _aR.L STINE
245 _aHORROELANDIA
942 _cBK
999 _c8479
_d8479